| 000 | 00848nam a2200241 a 4500 | ||
|---|---|---|---|
| 005 | 20241207063742.0 | ||
| 008 | 011011s1993 mx r 000 0 spa d | ||
| 020 | _a8470437119 | ||
| 035 | _aUPN01000112907 | ||
| 049 | _aCG | ||
| 050 | 4 |
_aHM134 _bP6.4 no.3.5 |
|
| 245 | 0 | 0 |
_aAnálisis de la realidad / _cAlfonso Francia ... [et al.]. |
| 260 |
_aMadrid : _bCCS, _c1993. |
||
| 300 |
_a280 p. : _eil. |
||
| 440 | 0 |
_aPlan de formación de animadores. _pBloque 3. _pEl saber del animador. _pEducación social ; _v3.5 |
|
| 590 | _a(También localizas un ejemplar en el "Area de Reserva") | ||
| 590 | _aBibliografía Básica (BGTQ) | ||
| 650 | 2 |
_aAnimación sociocultural _91050 |
|
| 650 | 4 |
_aGRUPOS SOCIALES - _xTRABAJO _916589 |
|
| 650 | 4 |
_aCiencias sociales _xInvestigación _97497 |
|
| 700 | 1 |
_aFrancia Hernández, Alfonso, _ecoaut. |
|
| 905 | _aLibro | ||
| 999 |
_c86815 _d86815 |
||